banner-ar

عالم الاطفال والكمبيوتر : صخرون وتاريخ الكمبيوتر / (Record no. 57197)

MARC details
000 -الفاتح
حقل البيانات ثابتة الطول 00744nam a2200217Ia 4500
008 - عناصر البيانات ثابتة الطول - معلومات عامة
حقل البيانات ثابتة الطول 140319s9999 xx 000 0 ara d
040 ## - مصدر الفهرسة
وكالة الفهرسة الأصلية GCL /
وكالة النسخ GCL
082 04 - رقم تصنيف ديوى العشرى
رقم التصنيف ط
رقم المادة 813.0876
-- ر ع
100 1# - المدخل الرئيسى - إسم شخصى
الإسم الشخصى ندرة قبيعة
245 10 - بيان العنوان
العنوان عالم الاطفال والكمبيوتر : صخرون وتاريخ الكمبيوتر /
بيان المسئوليه,etc ندرة قبيعة
700 1# - المدخل الاضافى - اسم شخصى
الإسم الشخصى هالة حسين عمر
700 1# - المدخل الاضافى - اسم شخصى
الإسم الشخصى راتب احمد قبيعة
300 ## - الوصف المادى
التعداد 16ص ؛
أبعاد الوعاء 30سم
490 ## - بيان السلسلة
عنوان السلسلة عالم الاطفال والكمبيوتر
رقم المجلد/ التعيين التسلسلي 6
650 04 - المدخل الاضافى بالموضوع-مصطلح موضوعى
مصطلح موضوعي الادب العربى
650 04 - المدخل الاضافى بالموضوع-مصطلح موضوعى
مصطلح موضوعي قصص الاطفال
650 04 - المدخل الاضافى بالموضوع-مصطلح موضوعى
مصطلح موضوعي القصص العلمية
942 ## - عناصر المدخل الإضافي( كوها)
مصدر التصنيف او مخطط الترفيف Dewey Decimal Classification
Koha [default] item type كتاب
260 ## - PUBLICATION, DISTRIBUTION, ETC. (IMPRINT)
-- [S.N] :
-- دار الراتب الجامعية
Holdings
حالة التراجع حالة الفقد حالة تلف ليس للاعارة المكان المؤقت الموقع الحالى تاريخ الاكتساب اجمالي اﻻعارات رقم الطلب الباركود تاريخ اخر مشاهدة تاريخ تفعيل السعر نوع وعاء كوها
        مكتبة القاهرة الكبرى مكتبة القاهرة الكبرى 03/26/2014   ط\813.0876\ر ع 144509 03/26/2014 03/26/2014 كتاب
        مكتبة القاهرة الكبرى مكتبة القاهرة الكبرى 03/26/2014   ط\813.0876\ر ع 144510 03/26/2014 03/26/2014 كتاب
        مكتبة القاهرة الكبرى مكتبة القاهرة الكبرى 03/26/2014   ط\813.0876\ر ع 144511 03/26/2014 03/26/2014 كتاب
        مكتبة القاهرة الكبرى مكتبة القاهرة الكبرى 03/26/2014   ط\813.0876\ر ع 144512 03/26/2014 03/26/2014 كتاب
        مكتبة القاهرة الكبرى مكتبة القاهرة الكبرى 03/26/2014   ط\813.0876\ر ع 144513 03/26/2014 03/26/2014 كتاب

Powered By

EGPV